<?xml version="1.0" encoding="UTF-8"?><?xml-stylesheet type="text/xsl" href="static/style.xsl"?><OAI-PMH xmlns="http://www.openarchives.org/OAI/2.0/" xmlns:xsi="http://www.w3.org/2001/XMLSchema-instance" xsi:schemaLocation="http://www.openarchives.org/OAI/2.0/ http://www.openarchives.org/OAI/2.0/OAI-PMH.xsd"><responseDate>2026-04-17T05:38:25Z</responseDate><request verb="GetRecord" identifier="oai:www.recercat.cat:2072/422258" metadataPrefix="marc">https://recercat.cat/oai/request</request><GetRecord><record><header><identifier>oai:recercat.cat:2072/422258</identifier><datestamp>2024-10-29T16:52:30Z</datestamp><setSpec>com_2072_98</setSpec><setSpec>col_2072_378196</setSpec></header><metadata><record xmlns="http://www.loc.gov/MARC21/slim" xmlns:dcterms="http://purl.org/dc/terms/" xmlns:xsi="http://www.w3.org/2001/XMLSchema-instance" xmlns:doc="http://www.lyncode.com/xoai" xsi:schemaLocation="http://www.loc.gov/MARC21/slim http://www.loc.gov/standards/marcxml/schema/MARC21slim.xsd">
   <leader>00925njm 22002777a 4500</leader>
   <datafield ind2=" " ind1=" " tag="042">
      <subfield code="a">dc</subfield>
   </datafield>
   <datafield ind2=" " ind1=" " tag="720">
      <subfield code="a">Gasset Franch, Arnau</subfield>
      <subfield code="e">author</subfield>
   </datafield>
   <datafield ind2=" " ind1=" " tag="720">
      <subfield code="a">Montesinos Seguí, José Luis</subfield>
      <subfield code="e">author</subfield>
   </datafield>
   <datafield ind2=" " ind1=" " tag="720">
      <subfield code="a">Garcia-Ortega, Xavier</subfield>
      <subfield code="e">author</subfield>
   </datafield>
   <datafield ind2=" " ind1=" " tag="720">
      <subfield code="a">Universitat Autònoma de Barcelona. Escola d'Enginyeria</subfield>
      <subfield code="e">author</subfield>
   </datafield>
   <datafield ind2=" " ind1=" " tag="260">
      <subfield code="c">2018</subfield>
   </datafield>
   <datafield ind2=" " ind1=" " tag="520">
      <subfield code="a">En aquest estudi s'analitza l'efecte de la velocitat específica de creixement (μ) en un bioprocés en el qual el llevat metilotròfic Pichia pastoris expressa la lipasa 1 de Candida rugosa (CRL1 ) sota la regulació del promotor PAOX1. S'ha estudiat l'efecte sobre la velocitat específica de consum de substrat (qs) o la velocitat específica de síntesi de producte (qp). Aquest estudi es duu a terme mitjançant fermentacions en "fed-batch" mantenint la μ constant gràcies a una limitació de la font de carboni. S'ha observat una relació lineal entre la μ i la qs, mentre que la qp, per contra, presenta un màxim (qp = 588 U · g DCW -1 · h-1) a una μ mitjana de 0,053 h-1. Com a hipòtesi, es creu que aquest fet pot estar relacionat amb l'estrès cel·lular.</subfield>
   </datafield>
   <datafield tag="653" ind2=" " ind1=" ">
      <subfield code="a">Lipasa -- Síntesi</subfield>
   </datafield>
   <datafield tag="653" ind2=" " ind1=" ">
      <subfield code="a">Pichia Pastoris</subfield>
   </datafield>
   <datafield tag="653" ind2=" " ind1=" ">
      <subfield code="a">Biotecnologia</subfield>
   </datafield>
   <datafield ind2="0" ind1="0" tag="245">
      <subfield code="a">Efecte de la velocitat específica de creixement en la producció de Lip-1 de Candida rugosa en Pichia pastoris sota l'efecte del promotor AOX1</subfield>
   </datafield>
</record></metadata></record></GetRecord></OAI-PMH>